Alternative methods of regression

Αποθηκεύτηκε σε:
Λεπτομέρειες βιβλιογραφικής εγγραφής
Κύριος συγγραφέας: Birkes, David
Άλλοι συγγραφείς: Dodge, Yadolah 1944-
Μορφή: Βιβλίο
Γλώσσα:English
Δημοσίευση: New York : John Wiley, 1993
Σειρά:A Wiley-Interscience publication
Θέματα:
Ετικέτες: Προσθήκη ετικέτας
Δεν υπάρχουν, Καταχωρήστε ετικέτα πρώτοι!

MARC

LEADER 00000nam a2200000 i 4500
001 1/96802
008 950116s1993 eng d
020 |a 0-471-56881-3 
035 |l 10010320 
040 |a GR-MY-UA  |b gre  |e aacr 
041 0 |a eng 
082 0 |a 519.536 
100 1 |a Birkes, David. 
245 1 0 |a Alternative methods of regression /  |c David Birkes; Yadolah Dodge 
260 |a New York :   |b John Wiley,   |c 1993 
300 |a 228 p.  |b tables; fig. 
490 1 |a A Wiley-Interscience Publication 
504 |a Includes index and bibliographical references 
650 0 0 |a Regression analysis. 
700 1 |a Dodge, Yadolah  |d 1944- 
830 0 |a A Wiley-Interscience publication 
852 |a INST  |b LESVOS  |e 19950116  |h 519.536 BIR  |p 005100003216  |q 005100003216  |t BK  |y 0 
909 |a Λ  |b 037882